Эпопея Шипки (Запис номер 377114)
[ съкратено ]
| 000 -Лидер | |
|---|---|
| Контролно поле с фиксирана дължина | 01153nam a2200325 c 4500 |
| 003 - Код на организацията, давaща контролен номер | |
| Контролно поле | BLK |
| 005 - Дата и час на последна редакция | |
| Контролно поле | 20200727103502.0 |
| 008 - Елементи от данни с фиксирана дължина | |
| fixed length control field | 200311b bul|||||r ||||||| ||bul|| |
| 040 ## - Източник на каталожния запис | |
| Идентификатор на билиотеката - собственик на записа | BLK |
| 041 ## - Код за език | |
| Код за езика на текст/звукозапис или на отделно заглавие | Руски |
| Код за езика КДБФ | Руски |
| 080 ## - УДК | |
| Текстов определител УДК | Военно изкуство. Общо върху военните операции. Тактика. Стратегия. Бойно поле |
| УДК код - определител по УДК | 355.4 |
| УДК - код + определител | 355.4 |
| 100 ## - Редна дума - Автор | |
| Автор | Цанов, Емил Г. |
| Авторска отговорност | първи автор |
| R(LIN) | 383227 |
| 139 ## - Редно поле | |
| Редна дума | Цанов, Эмиль |
| 245 10 - Сведения за заглавието | |
| Заглавие | Эпопея Шипки |
| Подзаглавни данни | Путеводитель по русс.-болг. позиции и памятникам, описание боев |
| Редно поле (дума) | Эмиль Цанов |
| 257 ## - Страна на издаване | |
| Страна на създаване/издаване | България |
| 260 ## - Област на издателските данни | |
| Място на издаване, разпространение и проч. | София |
| Име на издателя, разпространителя и проч. | Болг. художник |
| Година на издаване | 1958 |
| 300 ## - Физическа характеристика | |
| Страници | 48 с. |
| Илюстрации и др. | с ил. |
| Размери/Мащаб | 18 см |
| 380 ## - Жанр | |
| Жанр | Обществени науки |
| 500 ## - Общи забележки | |
| Забележка | Изд. Нар. музей Искра-Казанлък. 3 000 тир. 4,60 лв. |
| 650 #0 - Допълнително описание по предмет – тема | |
| Основно описание – тема или топоним | Шипка, храм-паметник |
| 9 (RLIN) | 303237 |
| 650 #0 - Допълнително описание по предмет – тема | |
| Основно описание – тема или топоним | Шипченски боеве 1877 |
| 9 (RLIN) | 319346 |
| 653 #7 - Ключова дума – ненормативна | |
| Ключова дума | Шипка |
| 9 (RLIN) | 200834 |
| 852 ## - Местоположение | |
| Форматна сигнатура | Цб І 2496 |
| Фондова буква | Хранилище |
| 856 4# - Електронен адрес и достъп | |
| Електронен формат | pdf - файл |
| Път до файла /url/ | |
| 856 4# - Електронен адрес и достъп | |
| Електронен формат | pdf - файл |
| Път до файла /url/ | |
| 999 ## - СИСТЕМНИ КОНТРОЛНИ НОМЕРА | |
| Koha biblionumber | 377114 |
| Koha biblioitemnumber | 377114 |
| 942 ## - АРТИКУЛИ | |
| Вид на библиотечния материал | Книги |
| Скрит в OPAC | Не |
| Периодичен библиозапис | Да |
| 944 ## - СЪЗДАВАНЕ И РЕДАКЦИЯ на ЗАПИСА | |
| Създаване/Редакция | Създаване |
| Дата на регистрацията/редакция | 2020-07-27 |
| Служител, извършил регистрацията/редакцията | НР |
| Код за отписване | Код за изгубен артикул | Източник на класификационната схема | Код за повреда | Коз за рестрикции | Код за отдаване | Артикулен № | Име на библиотеката - собственик | Име на библиотеката, в която се намира в момента | Статус (Текущо местоположение) | Дата на вписване в системата | Местоположение - отдел | Цена в лева | Инвентарен номер | Систематично азбучна сигнатура | Баркод | Цена в евро | Служебен тип на артикула |
|---|---|---|---|---|---|---|---|---|---|---|---|---|---|---|---|---|---|
| Не е изгубен | Universal Decimal Classification | Не е повреден | без рестрикции | ползва се в читалня | 786371 | Регионална библиотека "Любен Каравелов" Русе | Регионална библиотека "Любен Каравелов" Русе | Хранилище | 2020-07-27 | Хранилище | 0.46 | 14309/58 | Цб І 2496 | 900000020727 | 0.24 | Книги |